| 000 | 08660namaa22004451i 4500 | ||
|---|---|---|---|
| 003 | EG-GICUC | ||
| 005 | 20260423124538.0 | ||
| 008 | 260411s2025 ua a|||frm||| 000 0 eng d | ||
| 040 |
_aEG-GICUC _beng _cEG-GICUC _dEG-GICUC _erda |
||
| 041 | 0 |
_aeng _beng _bara |
|
| 049 | _aDeposit | ||
| 082 | 0 | 4 | _a636.089 |
| 092 |
_a636.089 _221 |
||
| 097 | _aM.Sc | ||
| 099 | _aCai01.10.21.M.Sc.2025.Ge.E | ||
| 100 | 0 |
_aGehad Ahmed Mohdali, _epreparation. |
|
| 245 | 1 | 2 |
_aA Contribution on parasite infection of fishes in Fayoum governorate / _cby Gehad Ahmed Mohdali ; Supervision Prof. Dr. Mohamed Sayed Mohamed Marzouk, Prof. Dr. Olfat Anter Mahdy, Dr. Dalia Ashraf Abdel-moneam. |
| 246 | 1 | 5 | _aإسهامة عن العدوى الطفيلية في أسماك محافظة الفيوم |
| 264 | 0 | _c2025. | |
| 300 |
_a71 pages : _billustrations ; _c25 cm. + _eCD. |
||
| 336 |
_atext _2rda content |
||
| 337 |
_aUnmediated _2rdamedia |
||
| 338 |
_avolume _2rdacarrier |
||
| 502 | _aThesis (M.Sc)-Cairo University, 2025. | ||
| 504 | _aBibliography: pages 56-71. | ||
| 520 | 3 | _a Nowadays, Qarun and Wadi El-Rayan lakes are exposed to adverse ecological changes that have led to the loss of wild fish stocks. In this study, we recorded the most common parasitic diseases in these lakes regarding bad water quality parameters and the associated parasitological and pathological effects. A total of 274 fish species were categorized into 205 Tilapia zillii (T.zillii), and 69 Solea aegyptiaca (S. aegyptiaca )were randomly collected from Wadi El Rayan lakes, private fish farms and Shakshouk area of Lake Qarun in El-Fayoum governorate, Egypt. Total prevalence of parasitic infection was 68.9 %. The infected fish were positive for one or two mixed parasitic infections. Trichodina sp., Gyrodactylus sp., Cichlidogyrus tilapiae, Centrocestus formosanus encysted metacercariae, Livoneca redmanii and Diplostomum sp. were detected in 4.3%, 11.2 %, 13.6 %, 14.6%, 4.3% and 46.8% of infected fishes respectively. The immunological response of fish to parasitism was detected via the upregulation in levels of TNF-α and IL-1β genes. The obtained physicochemical water parameter results from the study areas indicated that ammonia, nitrite, nitrate, and phosphate concentrations were above the specified permissible limits. The histopathological lesions associated with parasitic infestation in gills were hyperplasia, degeneration, necrosis of gill lamellae, and congestion of branchial blood vessels associated with the presence of Trichodina sp., and C. formosanus EMC. While the presence of multiple parasitic cysts in muscles surrounded by fibrous capsules with melanin deposits was associated with black spot disease (Diplopstomiasis). These all highlight how important it is to comprehend how these parasites can affect fish health, productivity and the aquaculture industry. However, the presence of these parasites in fish-rearing water requires more financial and management efforts. Parasitic infections threaten fisheries sustainability in Fayoum governorate, causing fish catch losses and public health risks. The study focus on the need for effective monitoring and management strategies. | |
| 520 | 3 | _aفي هذه الدراسة، تم تجميع عدد (205) من أسماك البلطي الزيلي (Tilapia zillii) و عدد (69) من أسماك موسى المصريه (aegyptiaca Solea) عشوائيا من بحيرة قارون وبحيرات وادي الريان بمحافظة الفيوم، وتم فحصها للكشف عن الإصابة بالطفيليات الخارجية. •أظهرت النتائج أن نسبة الاصابة الكلية بالطفيليات في الأسماك التى تم فحصها بلغت 68.9%، حيث سجلت أسماك البلطي الزيلي نسبة إصابة مرتفعة بلغت 90%، بينما بلغت نسبة الإصابة في أسماك موسى 4.3% فقط. وكانت أكثر الطفيليات شيوعاً: التريكودينا, جايروداكتيلس, سايكليدوجايرس تيلابي, سينتروسيستس فورموسونس, ديبلوستومم ,وليفونيكا ريدماني بنسب اصابة 4.3%, 11.2 % , 13.6 %,14.6%,46.8% و 4.3% على التوالي. •بلغت نسبة الاصابة الكلية بالطفيليات في بحيرة قارون 41.8%. وقد تم عُزل طفيليات (التريكودينا, جايروداكتيلس, سايكليدوجايرس تيلابي,الطور المتحوصل من سينتروسيستس فورموسونس من أسماك البلطي الزيلي المجمعة من المزارع الخاصة بالبحيرة، حيث تراوحت نسب الاصابة بين 10.41 % و 58%. بينما كانت نسبة الإصابة بالليفونيكا ريدماني في أسماك موسى المجمعة من منطقة شكشوك 4.3%. •بلغت نسبة الاصابة الكلية بالطفيليات في بحيرات وادي الريان 90%، حيث سجلت إصابة أسماك البلطي الزيلي بطفيل جايروداكتيلس ,سينتروسيستس فورموسونس ،و ديبلوستوم بنسب عدوي بلغت 12%، 15.9%، و57% على التوالي. •أظهر تحليل التعبيرالمناعي الجيني أن جين TNF-α ارتفع في حالات الإصابة بالطفيليات السابقة بمعدلات تراوحت بين 6.94 ضعفاً و13.50 ضعفاً. كما ارتفعت مستويات جين IL-1β بمعدلات تراوحت بين 5.17 ضعفاً و9.25 ضعفاً. •كشفت التحاليل الفيزيوكيميائية للمياه أن قيم الأس الهيدروجيني (pH) لم تختلف معنوياً بين المواقع المختلفة، حيث تراوحت بصورة عامة بين 6.9 و8.7 في منطقة شكشوك، وبين 7.4 و7.6 في المزارع الخاصة ببحيرة قارون، وبين 7.5 و8.3 في وادي الريان. أما الملوحة فقد تراوحت بين 15–21.9 جزء في الألف في بحيرة قارون، وبين 4.9–7.55 جزء في الألف في المزارع الخاصة، بينما سجلت أقل القيم في وادي الريان حيث تراوحت بين 1.2–2 جزء في الألف. كما بينت النتائج أن تراكيز الأمونيا السامه الغير متأينة والنتريت والنترات والكلوريد والفوسفات تجاوزت الحدود المسموح بها في مواقع بحيرة قارون، مع وجود فروق معنوية (p<0.05)في بعض المؤشرات مثل الملوحة، الأمونيا، والنترات بين مواقع الدراسة. •أظهرت الفحوص الهستوباثولوجية وجود تضخم شديد في الصفائح الخيشومية في حالة الاصابة بالتريكودينا، إضافة إلى ضمور بعض الصفائح الخيشومية واتساع واحتقان في الأوعية الدموية للخياشيم. كما لوحظ وجود أطوار متكيسة من سينتروسيستس فورموسونس في الخياشيم، مسببة نخر وتضخم في الصفائح الخيشومية مع احتقان الأوعية الدموية للخياشيم، مع استجابة التهابية واضحة نتيجة تراكم الأطوار المتكيسة في الخياشيم. بينما أظهرت إصابة الديبلوستومم المتكيسة وجود خلايا ميلانومكروفاج متناثرة وخلايا التهابية تشمل اللمفاويات، بالإضافة إلى ترسيب خلايا ملانومكروفاج بين حزم العضلات. | |
| 530 | _aIssues also as CD. | ||
| 546 | _aText in English and abstract in Arabic & English. | ||
| 650 | 0 | _aAquatic Organisms | |
| 650 | 0 | _aالكائنات المائية | |
| 653 | 1 |
_aEcological changes _aParasitic diseases _aEl-Fayoum governorate _aTNF-α _aPhysicochemical analysis _aHistopathological changes _aالتغيرات البيئية _aالطفيليات |
|
| 700 | 0 |
_aMohamed Sayed Mohamed Marzouk _ethesis advisor. |
|
| 700 | 0 |
_aOlfat Anter Mahdy _ethesis advisor. |
|
| 700 | 0 |
_aDalia Ashraf Abdel-moneam _ethesis advisor. |
|
| 900 |
_b01-01-2025 _cMohamed Sayed Mohamed Marzouk _cOlfat Anter Mahdy _cDalia Ashraf Abdel-moneam _UCairo University _FFaculty of Veterinary Medicine _DDepartment of Aquatic Animal Medicine and Management |
||
| 905 |
_aShimaa _eEman Ghareb |
||
| 942 |
_2ddc _cTH _e21 _n0 |
||
| 999 | _c179387 | ||